000 00607nam a2200205Ia 4500
005 20260601193231.0
008 260601s9999||||xx |||||||||||||| ||und||
020 _a978-981-97-1010-2
_qebk
100 _aLei Wang
245 0 _aWireless Sensor Networks
250 _a2024
260 _aHeidelberg, Germany
_bSpringer Nature
_c2024
440 _aCommunications in Computer and Information Science
650 _aComputer Science
700 _aChi Lin
700 _aTie Qiu
700 _aXinbing Wang
856 _uhttps://link.springer.com/openurl?genre=book&isbn=978-981-97-1010-2
942 _cEB
_2ddc
999 _c56113
_d56113